Estatísticas para Jogadores de futebol pelos clubes que jogaram #2

Clique aqui para jogar o quiz

Estatísticas Gerais

  • Esse quiz foi jogado 990 vezes
  • A pontuação média é 13 de 24

Estatísticas das Respostas

ClubesJogador% Correto
Bahia - Sevilla - Barcelona - Juventus - Paris Saint-Germain - São PauloDaniel Alves
90%
Malmö - Ajax - Juventus - Inter de Milão - Barcelona - Milan - Paris Saint-Germain - Manchester United - Los Angeles Galaxy - MilanZlatan Ibrahimovic
79%
Barcelona - Vissel KobeAndrés Iniesta
78%
Santos - New York CosmosPelé
75%
Monaco - Juventus - Arsenal - Barcelona - New York Red Bull - ArsenalThierry Henry
71%
Nacional - Groningen - Ajax - Liverpool - BarcelonaLuis Suárez
69%
São Paulo - Real Madrid - PortoCasemiro
61%
Independiente - Atlético de Madrid - Manchester CitySergio Agüero
61%
Vitória - Kawasaki Frontale - Consadole Sapporo - Tokyo Verdy - Porto - Zenit - Shanghai SIPGHulk
60%
PalmeirasMarcos
59%
Colo-Colo - Bayer Leverkusen - Juventus - Bayern de Munique - BarcelonaArturo Vidal
56%
RS Futebol - Juventude - Porto - Dínamo Moscou - Fluminense - Milan - Paris Saint-Germain - ChelseaThiago Silva
56%
Grêmio - PSV Eindhoven - Sparta Rotterdam - CorinthiansCássio
55%
Feyenoord - Arsenal - Manchester United - Fenerbahçe - FeyenoordRobin van Persie
52%
Sporting - Barcelona - Real Madrid - Inter de MilãoLuís Figo
51%
Basel - Schalke 04 - Sevilla - Barcelona - SevillaIvan Rakitic
49%
Sporting Gijón - Zaragoza - Valencia - Barcelona - Atlético de Madrid - New York City - Melbourne City - Vissel KobeDavid Villa
47%
River Plate - Porto - Atlético de Madrid - Mônaco - Manchester United - Chelsea - GalatasarayRadamel Falcão García
47%
União São João - Atlético-MG - Palmeiras - Inter de Milão - Real Madrid - Fenerbahçe - Corinthians - Anzhi MakhachkalaRoberto Carlos
46%
São Paulo - Santo André - Lazio - Inter de Milão - Juventus - Hebei China Fortune - São PauloHernanes
44%
Corinthians - CSA - Benfica - Alverca - Salgueiros - Porto - Barcelona - Chelsea - FluminenseDeco
38%
Vitória - Cruzeiro - Lugano - Milan - Corinthians - Milan - Portuguesa - Grêmio - InternacionalDida
34%
Padova - Juventus - Sydney FC - Delhi DynamosAlessandro Del Piero
29%
Platense - Mônaco - Juventus - Hércules - Baniyas - River Plate - Newell's Old Boys - Pune CityDavid Trezeguet
15%

Distribuição das Pontuações

Percentil de Números Respondidos

Porcentagem de Pessoas com Cada Pontuação

Sua Pontuação Histórica

Você não jogou esse quiz